Maris x Anthony - Statistics

General Stats
  • This quiz has been taken 34 times
  • The average score is 7 of 10
Answer Stats
Fill in the blanks % Correct
u miss my {body}?
100%
sarap. but i'll {touch} myself nalang
95%
smoke then {fuck}
95%
that was so {hot}
95%
i want baby {kisses}
89%
you forgot your {sweater}
74%
you're {sexy} in person
63%
you look tired i wanna {baby} you
58%
wish this {night} was {longer}
26%
not ready for it {love yous}
16%
No matching quizzes found
Score Distribution
Percent of People with Each Score
Percentile by Number Answered
Your Score History
You have not taken this quiz